| 000 | 00721nam a2200265Ia 4500 | ||
|---|---|---|---|
| 003 | OSt | ||
| 005 | 20221006141922.0 | ||
| 006 | a|||||r|||| 00| 0 | ||
| 007 | ta | ||
| 008 | 221006b |||||||| |||| 00| 0 eng d | ||
| 024 | _a4,647 | ||
| 037 | _cTextual | ||
| 040 |
_aEASL _cEASL _beng |
||
| 041 |
_2eng _aeng |
||
| 082 | _aV41.N11, K4-;3 | ||
| 100 |
_aWu Yu-chang _9646535 |
||
| 245 | 0 |
_aRevolution of 1911 _b great democratic revolution of china |
|
| 260 |
_aPeking _bForeign Languages Press China _c1964 |
||
| 300 |
_a145p. _ccm. |
||
| 490 | _v RS | ||
| 650 | _a CEL | ||
| 650 |
_aRailway Agitation _9646536 |
||
| 942 |
_hV41.N11, K4-;3 _cTEXL _2CC |
||
| 999 |
_c1072733 _d1072733 |
||